Estudio de Pre-factibilidad para la creación de una planta procesadora y comercializadora de mantequilla de maní en la ciudad de Estelí
Presenta un estudio de pre-factibilidad para la creación de una planta procesadora y comercializadora de mantequilla de maní en la ciudad de Estelí, tiene como finalidad demostrar la rentabilidad del proyecto. Este se ha planteado de acuerdo a las condiciones técnicas y necesidades del producto...
| Main Authors: | , , |
|---|---|
| Other Authors: | |
| Format: | Tesis Section = Libro |
| Language: | Undetermined Spanish |
| Published: |
Estelí
UNI/RUACS
2018
|
| Subjects: |
| LEADER | 01379nam a2200301Ia 4500 | ||
|---|---|---|---|
| 008 | 240830s9999 xx 000 0 und d | ||
| 040 | |a BIBLIOTECA-RUPAP Mon 658.11 L864 | ||
| 041 | |a spa | ||
| 082 | |a Mon 658.11 L864 | ||
| 100 | 1 | |a López Moreno, Yerik Danilo | |
| 100 | 1 | |b Blandón Ponce, Alexis Uriel | |
| 100 | 1 | |c Ruiz Sánchez, Norman Daniel | |
| 245 | 1 | 0 | |a Estudio de Pre-factibilidad para la creación de una planta procesadora y comercializadora de mantequilla de maní en la ciudad de Estelí |
| 260 | |a Estelí |b UNI/RUACS |c 2018 | ||
| 300 | |a 93 p. :il. | ||
| 500 | |a Contiene: anexos y CD. | ||
| 502 | |a Tesis (Ingeniero Industrial)- UNI, 2018. | ||
| 520 | 3 | |a Presenta un estudio de pre-factibilidad para la creación de una planta procesadora y comercializadora de mantequilla de maní en la ciudad de Estelí, tiene como finalidad demostrar la rentabilidad del proyecto. Este se ha planteado de acuerdo a las condiciones técnicas y necesidades del producto a ofertar. | |
| 650 | 7 | |a EMPRESAS-PROYECTOS | |
| 650 | 7 | |b ESTUDIOS DE FACTIBILIDAD | |
| 650 | 7 | |c ESTUDIO DE MERCADO | |
| 650 | 7 | |d ESTUDIO FINANCIERO | |
| 650 | 7 | |e PLANTA PROCESADORAy COMERCIALIZADORA DE MANTEQUILLA DE MANI-INSTALACION | |
| 650 | 7 | |f MANI-INDUSTRIA Y COMERCIO | |
| 700 | 1 | |a Tutor: |b Navarro Zeledón, Mauricio Ramón | |
| 942 | |c BK |2 ddc | ||
| 991 | |a TESIS | ||
| 999 | |c 16946 | ||